| 000 | 00440nam a22001217a 4500 | ||
|---|---|---|---|
| 999 |
_c18699 _d18699 |
||
| 008 | 210118b xxu||||| |||| 00| 0 eng d | ||
| 050 |
_aGMF0138 _b.C44 2018 c.1 |
||
| 100 | _aChelangat, Naomi | ||
| 245 |
_aBehavioural factors influencing investment decision of small and medium enterprises in Bomet county, Kenya _cNaomi Chelangat |
||
| 260 |
_aKabarak, Nakuru, Kenya _bKabarak University _c2018 |
||
| 300 | _a81 leaves | ||
| 942 |
_2lcc _cBK |
||